| 000 | 00637nam a2200193Ia 4500 | ||
|---|---|---|---|
| 008 | 151121s9999||||xx |||||||||||||| ||und|| | ||
| 082 | _a910/शेजव | ||
| 082 | _bHNW-115310 | ||
| 100 | _aशेजवळ हरिभाऊ | ||
| 245 | _aश्रीस्थानक ठाणे | ||
| 260 | _b"नवता प्रकाशन, पुणे।" | ||
| 260 | _c2014 | ||
| 300 | _a342 | ||
| 600 | _aशेजवळ हरिभाऊ | ||
| 630 | _aश्रीस्थानक ठाणे | ||
| 700 | _aशेजवळ हरिभाऊ | ||
| 730 | _aश्रीस्थानक ठाणे | ||
| 942 | _cBOOK | ||
| 999 |
_c1264039 _d1264036 |
||